000 00578nam a2200205Ia 4500
005 20250508160525.0
008 008 250505s9999 xx 000 0 eng d
037 _aTextual
040 _aFEDL
_beng
_cFEDL
041 _aeng
_2eng
084 _a371.3, TAN
_qFEDL
100 _aTansey P J
_9768701
245 0 _aSimulation and gaming in education
260 _aLondon, UK
_bMethuen Educational Limited
_c1969
300 _a152p
650 _aTeaching Technique
700 _a Unwin Derick
_9768702
942 _cTEXL
_h371.3, TAN
999 _c1365142
_d1365142